| 000 | 00398nam a2200169Ia 4500 | ||
|---|---|---|---|
| 008 | 230524s9999 xx 000 0 und d | ||
| 020 | _a9780070260689 | ||
| 082 |
_a624.1821 _bDUG |
||
| 100 | _aS K Duggal | ||
| 245 | 0 | _aDesign of Steel Structure | |
| 250 | _a3 | ||
| 260 |
_aNew Delhi _bMGH _c2012 |
||
| 300 | _a"xix,835p;" | ||
| 500 | _aQuantity Number: 10 | ||
| 650 | _aCivil | ||
| 942 | _cBK | ||
| 999 |
_c56015 _d56015 |
||